000 00642nam a2200205Ii 4500
003 JO-AjNU
008 230605s9999||||xx |||||||||||||| ||und||
040 _aJO-AjNU
_bara
_erda
_cJO-AjNU
041 _aara
050 1 4 _aPJ7700.L3274 1998
100 3 _aتأليف الثبيتي،محمد,
_eauthor
_919067
245 0 0 _aعاشقة الزمن الوردي
250 _aط2
264 3 1 _aجدة:الدار السعودية للنشر والتوزيع،1982
300 _a116ص
336 _atext
_btxt
_2rdacontent
337 _aunmediated
_bn
_2rdamedia
338 _avolume
_bnc
_2rdacarrier
650 4 _aالشعر العربي
_919068
999 _aA6215
_c9783
_d9783